Les 10 principaux pays producteurs de voitures - Statistiques

Statistiques générales
  • Ce quiz a été pris 1 363 fois
  • Le résultat moyen est 8 sur 10
Statistiques - réponses
voitures produites (2013) # Pays % Correct
5,439,904 4. Allemagne
97%
10,424,280 2. États-Unis
97%
8,189,323 3. Japon
96%
18,085,213 1 Chine
95%
1,919,636 8. Russie
75%
3,138,988 6. Inde
71%
4,122,604 5. Corée du Sud
70%
1,719,700 10. Espagne
68%
2,742,309 7. Brésil
62%
1,771,987 9. Mexique
51%
Aucun quiz correspondant
Distribution des résultats
% des personnes avec chaque résultat
Percentile par nombre de réponses
Votre historique - résultats
Vous n’avez pas pris ce quiz